Nociones de legislación social (Record no. 47752)

MARC details
000 -LEADER
campo de control de longitud fija 00605nam a2200157 i 4500
001 - NÚMERO DE CONTROL
campo de control 47752
003 - IDENTIFICADOR DE NÚMERO DE CONTROL
campo de control ES-MaACL
005 - FECHA Y HORA DE LA ÚLTIMA TRANSACCIÓN
campo de control 20230906161626.0
007 - CAMPO FIJO DE DESCRIPCIÓN FÍSICA--INFORMACIÓN GENERAL
campo de control de longitud fija t|
008 - DATOS DE LONGITUD FIJA--INFORMACIÓN GENERAL
campo de control de longitud fija 030522q19301939sp ||||1| spa d
100 1# - ENTRADA PRINCIPAL--NOMBRE DE PERSONA
Nombre de persona Blanco Santamaría, Gregorio.
9 (RLIN) 29294
245 10 - MENCIÓN DEL TÍTULO
Título Nociones de legislación social
Resto del título : contestaciones a los programas de esta materia en el Concurso a las plazas de Auxiliares y Oficiales de la Oficina Municipal de colocación en Madrid /
Mención de responsabilidad, etc. por G. Blanco Santamaría.
260 ## - PUBLICACIÓN, DISTRIBUCIÓN, ETC.
Lugar de publicación, distribución, etc. Madrid :
Nombre del editor, distribuidor, etc. [s.n.,
Fecha de publicación, distribución, etc. 193-?] (
Fabricante Imp. Castilla)
300 ## - DESCRIPCIÓN FÍSICA
Extensión 240 p. ;
Dimensiones 19 cm.
852 ## - LOCALIZACIÓN
Ubicación ES-MaACL
Número de control de estantería A-1996
Holdings
Estatus retirado Estado de pérdida Estado de daño No para préstamo Biblioteca de origen Biblioteca actual Ubicación en estantería Fecha de adquisición Fuente de adquisición Total de préstamos Signatura topográfica completa Código de barras Visto por última vez Precio de reemplazo Tipo de ítem Koha
        Biblioteca del Ateneo de Madrid Biblioteca del Ateneo de Madrid Sala Pecera Planta 1 17/01/2008     A-1996 1050247 23/02/2023 23/02/2023 Libro impreso